Nákladová analýza efektívnosti výrobných stratégií firmy

Cenové rozhodnutia sú ovplyvnené ekonomickým prostredím, v ktorom firma vyrába. Dôležitou dimenziou tohto prostredia je stupeň konkurencie, ktorému firma čelí. Firma na vysoko konkurenčnom trhu môže mať malú alebo žiadnu kontrolu nad cenou produkcie. V takomto prípade sa musí pozornosť manažéra súst...

Descrizione completa

Salvato in:
Dettagli Bibliografici
Autore principale: Fendeková, Eleonora, 1952-
Altri autori: Kufelová, Iveta, 1970-, Mikušová, Nora, 1978-
Natura: Capitolo di libro
Lingua:slovacco
Soggetti:
Tags: Aggiungi Tag
Nessun Tag, puoi essere il primo ad aggiungerne!!

MARC

LEADER 00000nla$a2200000$$$4500
001 0079363
005 20240502071915.5
041 0 |a slo 
044 |a SK 
245 1 0 |a Nákladová analýza efektívnosti výrobných stratégií firmy  |c Eleonora Fendeková, Iveta Kufelová, Nora Mikušová 
520 |a Cenové rozhodnutia sú ovplyvnené ekonomickým prostredím, v ktorom firma vyrába. Dôležitou dimenziou tohto prostredia je stupeň konkurencie, ktorému firma čelí. Firma na vysoko konkurenčnom trhu môže mať malú alebo žiadnu kontrolu nad cenou produkcie. V takomto prípade sa musí pozornosť manažéra sústrediť na stanovenie optimálnej úrovne výstupu k takejto pre ňu neovplyvniteľnej cene. Naopak, ak je firma v relatívne dominantnom postavení ako predávajúci výrobku, bude mať značnú slobodu pri stanovení ceny. Využitie niektorých základných teoretických možností mikroekonomickej analýzy zisku firmy autorky prezentujú na príklade analýzy produkcie slovenskej firmy na výrobu nábytku LINAPO s.r.o. v Liptovskom Mikuláši. 
610 2 0 |a rozhodovanie 
610 2 0 |a ceny 
610 2 0 |a výrobky 
610 2 0 |a analýza nákladov 
610 2 0 |a náklady a ceny 
610 2 0 |a náklady priemerné 
610 2 0 |a zisk 
100 1 |a Fendeková, Eleonora, 1952- 
700 1 |a Kufelová, Iveta, 1970- 
700 1 |a Mikušová, Nora, 1978-